A policy on design quality for NHSScotland (Record no. 110810)

MARC details
000 -LEADER
fixed length control field 00890cad a22001935a 4500
001 - CONTROL NUMBER
control field E150260
008 - FIXED-LENGTH DATA ELEMENTS--GENERAL INFORMATION
fixed length control field 100617e20100602xxk f 000 0 eng d
035 ## - SYSTEM CONTROL NUMBER
System control number (Sirsi) u150260
041 0# - LANGUAGE CODE
Language code of text/sound track or separate title eng
110 2# - MAIN ENTRY--CORPORATE NAME
Corporate name or jurisdiction name as entry element Scotland
Subordinate unit Scottish Government
9 (RLIN) 5344
245 02 - TITLE STATEMENT
Title A policy on design quality for NHSScotland
Remainder of title 2010 revision
Medium [electronic resource]
260 ## - PUBLICATION, DISTRIBUTION, ETC.
Place of publication, distribution, etc. Edinburgh
Name of publisher, distributor, etc. Scottish Government
Date of publication, distribution, etc. 2010
520 ## - SUMMARY, ETC.
Summary, etc. Sets out a revised Policy on Design Quality for NHSScotland, and also offers guidance on strategic Design Action Plans and Design Statements, and provides supporting guidance and further sources of information.
590 ## - LOCAL NOTE (RLIN)
Local note KA
651 #4 - SUBJECT ADDED ENTRY--GEOGRAPHIC NAME
Geographic name Scotland
Chronological subdivision 1999-
690 ## - LOCAL SUBJECT ADDED ENTRY--TOPICAL TERM (OCLC, RLIN)
Topical term or geographic name as entry element PROPERTY-OTHER PROPERTY TYPES-HEALTHCARE AND WELFARE PROPERTY
856 40 - ELECTRONIC LOCATION AND ACCESS
Uniform Resource Identifier <a href="https://www.sehd.scot.nhs.uk/mels/cel2010_19.pdf">https://www.sehd.scot.nhs.uk/mels/cel2010_19.pdf</a>
Public note View the policy free of charge (PDF file) at www.sehd.scot.nhs.uk
942 ## - ADDED ENTRY ELEMENTS (KOHA)
Suppress in OPAC 0
Holdings
Withdrawn status Lost status Source of classification or shelving scheme Damaged status Not for loan Home library Current library Shelving location Date acquired Total Checkouts Full call number Barcode Date last seen Copy number Price effective from Koha item type
    Dewey Decimal Classification     Virtual Virtual Online 17/06/2010   ONLINE PUBLICATION 150260-2001 06/08/2019 1 06/08/2019 Book